| 000 | 00583nam a2200217 u 4500 | ||
|---|---|---|---|
| 005 | 20210223132526.0 | ||
| 008 | 150123s2003 es r 000 0 spa d | ||
| 020 | _a8478647961 | ||
| 035 | _aUPN01000201405 | ||
| 049 | _aI | ||
| 050 | 4 |
_aPZ74.7 _bG4.6 |
|
| 100 | 1 |
_aGeis, Patricia, _d1966- _932951 |
|
| 245 | 1 | 0 |
_aPepa Pas / _cPatricia Geis. |
| 260 |
_aBarcelona, Esp. : _bCombel, _cc2003. |
||
| 300 |
_a[23] p. : _bil. col. |
||
| 440 | 0 | _aMi ciudad | |
| 650 | 4 |
_aHUMORISMO INFANTIL _915728 |
|
| 650 | 4 |
_aCUENTOS HUMORISTICOS _911283 |
|
| 905 | _aInfantil | ||
| 999 |
_c173506 _d173506 |
||